00866nam a2200301Ia 4500008004100000020001800041050001100059050001400070100002000084245002700104245004900131245007400180260001000254260001400264260000900278300002100287300002000308300001000328500004000338650002400378650001700402650001800419650004200437650002900479650002300508700001100531700002200542171025s9999 xx 000 0 und d a9780310331032 a362.73 bT254 2011 aTebos, Susan A. aBefore you were mine : bdiscovering your adopted child's lifestory / cby Susan A. Tebos and Carissa Woodwyk ; foreword by Sherrie Eldridge. aUSA : bZodervan, c2011 axii, 173 pages : billustrations ; c23cm. aIncludes bibliographical reference. aAdopted children -- aAdoption --  aScrapbooks -- xBiography -- Handbooks, manuals, etc. xHandbooks, manuals, etc. xReligious aspects. aTitle. aWoodwyk, Carissa.